360 - Charli xcx - All Lyrics - Statistics

General Stats
  • This quiz has been taken 274 times
  • The average score is 193 of 261
Answer Stats
Answer % Correct
a
96%
I
96%
Ah,
95%
ah
95%
Ah-ah,
95%
360
94%
I’m
93%
I'm
93%
the
92%
you
92%
You
92%
so
91%
So
91%
When
90%
me
89%
in
88%
Julia
88%
your
88%
Lookin'
87%
yeah
86%
Yeah,
86%
like
85%
at
84%
do
84%
mirror,
84%
everywhere,
82%
that
82%
That
82%
you're
82%
what
81%
b-b-bumpin'
80%
Bumpin'
80%
see?
80%
just
79%
looking
79%
baby
77%
Baby
77%
an
76%
tee
73%
on
72%
icon
70%
be
69%
favorite
69%
reference,
69%
down,
67%
gon'
66%
princess
66%
with
66%
camera
65%
flash
65%
stylish
65%
it
64%
it,
64%
beat
63%
Drop
63%
party
62%
gone
61%
all
60%
666
59%
my
59%
inspired
58%
don't
57%
think
57%
angles,
56%
Call
56%
Work
56%
care
55%
streak
55%
is
54%
Put
54%
and
53%
And
53%
made
53%
fucking
52%
if
52%
If
52%
love
51%
Gabbriette,
49%
shock
49%
own
48%
hate
47%
tectonic,
47%
one,
45%
way
44%
make
43%
can't
42%
No
42%
always
41%
city
41%
I’ll
40%
A.G.
39%
it's
39%
jump
39%
moves,
39%
slut's
39%
defibrillators
38%
recognized
38%
went
38%
'em
37%
Internationally
37%
Legacy
35%
mind
35%
relate
35%
vibe
35%
style,
32%
design
29%
stuck
29%
undebated
28%
set
26%
sewer
26%
tone,
22%
No matching quizzes found
Score Distribution
Percent of People with Each Score
Percentile by Number Answered
Your Score History
You have not taken this quiz